00934nam a2200253 a 450000100060000000300080000600500170001400800410003102000280007203500190010004000320011904100080015108200290015910000340018824500620022225000110028426000490029530000320034449000910037650400510046765000410051865000300055983000910058968355BD-RjUL20211209081747.0750226s1975 enka b 001 0 eng  a0080182194.a0080182186 a(BD-RjUL)68565 aDLCcDLCdDLCdBD-RjULbeng aeng00223a510.246213bHOM 19751 aHowson, D. P.q(David Philip)10aMathematics for electronic technology /cby D. P. Howson. a2d ed. aOxford ;aNew York :bPergamon Press,c1975. ax, 270 p. :bill. ;c21 cm.0 aPergamon international library of science, technology, engineering, and social studies aIncludes bibliographical references and index. 0aElectrical engineeringxMathematics. 0aElectronicsxMathematics. aPergamon international library of science, technology, engineering, and social studies